1005 1285 1834 1749 1450 1878 1090 1821 1887 1149 1363 1056 1411 1522 1812 1867 1439 1093 1067 1772 1106 1471 1580 1874 1209 1786 1325 1969 1195 1976 1620 1825 1994 1331 1760 1578 1753 1062 1341 1799 1960 1123 1428 1020 1583 1631 1839 1261 1373 1893 1696 1999 1520 1782 1998 1411 1165 1242 1626 1216 1259 1412 1302 1931 1266 1807 1293 1411 1867 1674 1774 1822 1619 1532 1326 1453 1595 1685 1539 1571 1437 1767 1183 1544 1372 1913 1302 1084 1798 1165 1364 1711 1484 1855 1009 1828 1804 1177 1773 BCNSPRNW ULIB Ver.6.0+V

เปลี่ยนเป็นภาษาไทย

Change to English
 แสดงรายละเอียดบรรณานุกรม
  กลับหน้าหลัก

Brief Record : Get Marc (ISO 2709) : E-mail record : QR code < ปิดหน้าต่าง
LEADER : 00000nam 2200000uu 4500
001    13399112215
003     ULIB
008    110627s2553||||th 000 0 tha d
020    9748133745
060  4 WY18^bฐ361ก 2553
100 0  ฐิติรัตน์ ทองอินทร์
245 00 การวิเคราะห์ต้นทุนการผลิตบัณฑิตพยาบาลและพัฒนาบุคลากรด้านสุขภาพ วิทยาลัยพยาบาลบรมราชชนนนี เชียงใหม่/^cฐิติรัตน์ ทองอินทร์
260    เชียงใหม่ :^bวิทยาลัยพยาบาลบรมราชชนนี เชียงใหม่,^c2553
300    57 หน้า
650  7 การวิเคราะห์ต้นทุน^xวิจัย
650  7 วิทยาลัยพยาบาลบรมราชชนนี เชียงใหม่
945    ^p0^l0^i027783
995    ทศพร
999 ^a ใช้งานได้ทุกระบบ
รายการนี้ยังไม่มีแท็ก
คุณยังไม่ได้ล็อกอิน คุณสามารถมีกิจกรรมร่วมกับเว็บไซต์ได้ แต่ต้องล็อกอินก่อน ::
  ล็อกอิน

รายการสื่อสารสนเทศ

ลำดับที่ ประเภท เลขเรียก/บาร์โค้ด สถานที่ สถานะ
- ไม่พบข้อมูล -

รายการใกล้เคียง
    หัวเรื่อง [วิทยาลัยพยาบาลบรมราชชนนี เชียงใหม่]

BibComment


ยังไม่เคยถูกคอมเมนท์

คอมเมนท์ทรัพยากรรายการนี้
  คอมเมนท์: การวิเคราะห์ต้นทุ..


 Copyright 2026. Bcnsprnw @Library